Mapas de progreso del aprendizaje: sector idioma extranjero inglés mapa de progreso de expresión escrita

-д хадгалсан:
Номзүйн дэлгэрэнгүй
Байгууллагын зохиогч: Ministerio de Educación (Зохиогч)
Формат: Ном
Хэл сонгох:испани
Хэвлэсэн: Santiago Ministerio de Educación 2008
Нөхцлүүд:
Шошгууд: Шошго нэмэх
Шошго байхгүй, Энэхүү баримтыг шошголох эхний хүн болох!

MARC

LEADER 00000nam a2200000 a 4500
001 UCG1275
003 CL-VaPUC
008 100429e20080000CL |||||||||||||||||spa|d
020 |a 9789562921930 
082 0 4 |a 371.102  |b MIN  |2 21 
110 2 |a Ministerio de Educación  |e author  |9 549123 
245 1 0 |a Mapas de progreso del aprendizaje: sector idioma extranjero inglés mapa de progreso de expresión escrita 
300 |a 25 p 
942 |c BK 
945 |d 20100429 00:00:00  |a rbrito 
260 |a Santiago  |b Ministerio de Educación  |c 2008 
650 0 |a Enseñanza  |9 256457 
650 0 |a Aprendizaje   |9 254827 
650 0 |a Enseñanza de idiomas  |9 339820 
650 0 |a Enseñanza del inglés  |9 367340 
583 |a last modification  |c 20100429 00:00:00  |k Rodrigo Vera 
999 |c 340680  |d 340678 
952 |0 0  |1 0  |4 0  |6 371_102000000000000_MIN_2008  |7 0  |8 A  |9 435617  |a BIBEDU  |b BIBEDU  |d 2019-11-22  |i 4666593  |o 371.102 MIN 2008  |p 4666593  |r 2019-11-22  |w 2019-11-22  |y BK  |k EBA 
952 |0 0  |1 0  |4 0  |6 371_102000000000000_MIN_2008  |7 0  |8 A  |9 435618  |a BIBEDU  |b BIBEDU  |d 2019-11-22  |i 4666623  |o 371.102 MIN 2008  |p 4666623  |r 2019-11-22  |w 2019-11-22  |y BK  |k EBA 
952 |0 0  |1 0  |4 0  |6 371_102000000000000_MIN_2008  |7 0  |8 A  |9 435619  |a BIBEDU  |b BIBEDU  |d 2019-11-22  |i 4738993  |o 371.102 MIN 2008  |p 4738993  |r 2019-11-22  |w 2019-11-22  |y BK  |k LIT 
952 |0 0  |1 0  |4 0  |6 371_102000000000000_MIN_2008  |7 0  |8 A  |9 435620  |a BIBEDU  |b BIBEDU  |d 2019-11-22  |i 4739000  |o 371.102 MIN 2008  |p 4739000  |r 2019-11-22  |w 2019-11-22  |y BK  |k LIT